Zonificación ambiental para el ordenamiento territorial en la Amazonia colombiana : (Registro nro. 4630)

Detalles MARC
000 -CABECERA
Campo de control 00936nam a2200253 a 4500
005 - FECHA Y HORA DE LA ULTIMA TRANSACCION
Campo de control 20200104041551.0
008 - ELEMENTOS DE LONGITUD FIJA—INFORMACION GENERAL
Campo de control 140317s2001 ck ||||fr|||| 000 0 spa d
020 ## - ISBN
ISBN 9583331198
040 ## - FUENTE DE CATALOGACIÓN
Agencia catalogadora original CO-BoIAVH
Agencia transcriptora CO-BoIAVH
041 0# - IDIOMA
Código de idioma para texto/pista de sonido o título separado Español
044 ## - PAÍS DE PUBLICACIÓN
País de publicación Colombia
082 04 - NUMERO DE CLASIFICACION DECIMAL DEWEY
Número de clasificación 354.3
Número del ítem D31z
100 1# - ASIENTO PRINCIPAL--NOMBRE PERSONAL
Nombre personal Defler, Thomas R.
9 (RLIN) 6444
245 10 - MENCION DE TITULO
Título Zonificación ambiental para el ordenamiento territorial en la Amazonia colombiana :
Parte restante del título Libro de memorias
260 ## - PUBLICACION, DISTRIBUCION, ETC. (PIE DE IMPRENTA)
Lugar de publicación, distribución, etc. Bogotá :
Nombre del editor, distribuidor, etc. Instituto de Ciencias Naturales :
-- Universidad Nacional de Colombia :
-- Instituto Amazónico de Investigaciones,
Fecha de publicación, distribución, etc. 2001.
300 ## - DESCRIPCION FISICA
Extensión 120 páginas ;
Dimensiones 27 x 21 cm.
650 #6 - ASIENTO SECUNDARIO DE MATERIA - TERMINO TEMATICO
Término temático o nombre geográfico como elemento de entrada Zonificación ambiental
9 (RLIN) 229
650 #6 - ASIENTO SECUNDARIO DE MATERIA - TERMINO TEMATICO
Término temático o nombre geográfico como elemento de entrada Ordenamiento territorial
9 (RLIN) 52938
650 #6 - ASIENTO SECUNDARIO DE MATERIA - TERMINO TEMATICO
Término temático o nombre geográfico como elemento de entrada Plan de acción ambiental
9 (RLIN) 3886
662 ## - ASIENTO SECUNDARIO DE MATERIA - JERARQUIA DEL NOMBRE DE LUGAR(
País o entidad mayor Colombia
Jurisdicción política de primer orden Amazonas
700 1# - ASIENTO SECUNDARIO - NOMBRE PERSONAL
Nombre personal Palacios, Pablo A.
9 (RLIN) 22066
710 2# - ASIENTO SECUNDARIO - NOMBRE CORPORATIVO
Nombre corporativo o de jurisdicción como elemento de entrada Colombia
Unidad subordinada Instituto Amazónico de Investigaciones
9 (RLIN) 52940
942 ## - ELEMENTOS ADICIONALES (KOHA)
Tipo de ítem Libro
Sistema de clasificación Dewey Decimal Classification
Existencias
Withdrawn status Lost status Sistema de Clasificación Damaged status No para préstamo Colección Inventariado Ubicación Permanente Ubicación actual Fecha de adquisición Fuente de Valor Valor Total Checkouts Número topográfico Inventario / Código de Barras Date last seen Ejemplar Price effective from Forma de adquisición Tipo de material
    Dewey Decimal Classification     General Inventariado 2017 Bogotá Bogotá 28/06/2005 Instituto 39000.00   LB-354.3 D31z 019270 04/12/2012 Ej. 1 04/12/2012   Libro